<?xml version="1.0" encoding="UTF-8"?>
<record
    xmlns:xsi="http://www.w3.org/2001/XMLSchema-instance"
    xsi:schemaLocation="http://www.loc.gov/MARC21/slim http://www.loc.gov/standards/marcxml/schema/MARC21slim.xsd"
    xmlns="http://www.loc.gov/MARC21/slim">

  <leader>01659nab a2200253 uc4500</leader>
  <controlfield tag="001">615217</controlfield>
  <controlfield tag="005">20240416090816.0</controlfield>
  <controlfield tag="008">000818s2000                        spa  </controlfield>
  <datafield tag="035" ind1=" " ind2=" ">
    <subfield code="a">615217</subfield>
  </datafield>
  <datafield tag="035" ind1=" " ind2=" ">
    <subfield code="a">(OCoLC)819840177</subfield>
  </datafield>
  <datafield tag="040" ind1=" " ind2=" ">
    <subfield code="c">comduadb</subfield>
  </datafield>
  <datafield tag="041" ind1=" " ind2=" ">
    <subfield code="a">spa</subfield>
  </datafield>
  <datafield tag="100" ind1="1" ind2="0">
    <subfield code="a">Coli, Cesar</subfield>
    <subfield code="4">aut</subfield>
    <subfield code="e">aut</subfield>
    <subfield code="9">503255</subfield>
  </datafield>
  <datafield tag="245" ind1="1" ind2="3">
    <subfield code="a">La atencion a la diversidad en las practicas de evaluacion</subfield>
  </datafield>
  <datafield tag="520" ind1="3" ind2=" ">
    <subfield code="a">El art&#xED;culo desarrolla y concreta la tesis de que la revisi&#xF3;n y replanteamiento en profundidad de las pr&#xE1;cticas utilizadas habitualmente para evaluar el aprendizaje de los alumnos constituye una condici&#xF3;n necesaria para la puesta en marcha en los centros escolares de una estrategia global de atenci&#xF3;n a la diversidad presidida por los principios de la ense&#xF1;anza adaptativa. Para ello, y tras analizar brevemente las relaciones entre ense&#xF1;anza, aprendizaje y evaluaci&#xF3;n en la educaci&#xF3;n obligatoria y dibujar l&#xED;neas generales de una cultura inclusiva de la evaluaci&#xF3;n que extienda a &#xE9;sta los principios de diversificaci&#xF3;n y flexibilidad propios de una ense&#xF1;anza adaptativa, propone algunas categor&#xED;as conceptuales que ayudan a precisar las dimensiones y aspectos de la evaluaci&#xF3;n a los que pueden aplicarse estos principios.</subfield>
  </datafield>
  <datafield tag="650" ind1=" " ind2=" ">
    <subfield code="a">Evaluaci&#xF3;n del estudiante</subfield>
    <subfield code="9">2357</subfield>
  </datafield>
  <datafield tag="650" ind1=" " ind2=" ">
    <subfield code="a">Adaptaci&#xF3;n psicol&#xF3;gica</subfield>
    <subfield code="9">40430</subfield>
  </datafield>
  <datafield tag="650" ind1=" " ind2="7">
    <subfield code="a">Aprendizaje</subfield>
    <subfield code="2">lemb</subfield>
    <subfield code="9">43900</subfield>
  </datafield>
  <datafield tag="650" ind1=" " ind2="7">
    <subfield code="a">Psicopedagog&#xED;a</subfield>
    <subfield code="2">armarc</subfield>
    <subfield code="9">111057</subfield>
  </datafield>
  <datafield tag="700" ind1="1" ind2="0">
    <subfield code="a">Barbera Gregori, Elena</subfield>
    <subfield code="4">aut</subfield>
    <subfield code="e">aut</subfield>
    <subfield code="9">364675</subfield>
  </datafield>
  <datafield tag="700" ind1="1" ind2="0">
    <subfield code="a">Onrubia, Javier</subfield>
    <subfield code="4">aut</subfield>
    <subfield code="e">aut</subfield>
    <subfield code="9">309387</subfield>
  </datafield>
  <datafield tag="773" ind1="0" ind2=" ">
    <subfield code="t">Infancia y Aprendizaje (Madrid)</subfield>
    <subfield code="g">No. 090, Abr.-Jun. 2000, p. 111-132</subfield>
    <subfield code="w">6966</subfield>
    <subfield code="x">0210-3702</subfield>
    <subfield code="0">4743</subfield>
  </datafield>
  <datafield tag="942" ind1=" " ind2=" ">
    <subfield code="c">ARIMP</subfield>
  </datafield>
  <datafield tag="999" ind1=" " ind2=" ">
    <subfield code="c">183073</subfield>
    <subfield code="d">183073</subfield>
  </datafield>
</record>
